000 00988cam a2200241 i 4500
003 SA-RiAUC
005 20250708055533.0
008 250706s1982 su o g f00000 ara c
040 _aSA-RiAUC
_bara
_cSA-RiAUC
_erda
082 0 4 _a909.00288
090 _a909.00288
_b ش ا هـ
100 1 _aشاهين، عبد المعز
_eمؤلف.
245 1 0 _aترميم وصيانة المباني الأثرية والتاريخية /
_cتأليف عبد المعز شاهين.
264 1 _aالرياض :
_bوزارة المعارف، الإدارة العامة للآثار والمتاحف،
_c1982
300 _a456 صفحة :
_bصور ؛
_c24 سم
336 _aنص
_btxt
_2rdacontent
_3كتاب
337 _aبدون وسيط
_bn
_2rdamedia
338 _aمجلد
_bnc
_2rdacarrier
650 7 _aالآثار
_xجمع وحفظ
_2aucsh
650 7 _aالمباني التاريخية
_xحفظ وترميم
_2aucsh
942 _2ddc
_cBOOK
_n0
949 _aSA-JeALM
_d250706
_umohamedma123
_n1
999 _c9589
_d9589